000 00670nas a2200229 4500
001 BR2012002992
003 BR-BrBNA
005 20231205120500.0
007 ta
008 230509b bl.|||p| |||| 00| 00por d
040 _aBR-BrBNA
_bpor
_cBiblioteca Nacional de Agricultura
041 _a(Pt)
072 _aC10; F08
100 1 _aKhathounian, C.A.
245 1 _aAs diferentes ecolas em agricultura orgânica
650 _aESCOLA
650 _aAGRICULTURA ORGÂNICA
650 _aEDUCAÇÃO
773 0 _tO Biológico (Brazil)
_xISSN 0366-0567
_g(Jan-Jun 1997), v. 59(1) p. 5-8
_wBR2012002992
909 _a202311
_bLúcia
_c55
_dLúcia Elande
942 _2AGRIS
_n0
_cANA
999 _c218733
_d218733